000 00325nam a2200109Ia 4500
008 220204s9999 xx 000 0 und d
082 _a338.432
_bFAO
245 0 _aGeneral guidelines for the analysis of agricultural production projects
260 _aRome
_bFAO
_c1991
490 _aAgricultural planning studies 14
942 _cBK
999 _c40885
_d40885